<?xml version="1.0" encoding="UTF-8"?><?xml-stylesheet type="text/xsl" href="static/style.xsl"?><OAI-PMH xmlns="http://www.openarchives.org/OAI/2.0/" xmlns:xsi="http://www.w3.org/2001/XMLSchema-instance" xsi:schemaLocation="http://www.openarchives.org/OAI/2.0/ http://www.openarchives.org/OAI/2.0/OAI-PMH.xsd"><responseDate>2026-04-17T21:38:33Z</responseDate><request verb="GetRecord" identifier="oai:www.recercat.cat:2445/190625" metadataPrefix="marc">https://recercat.cat/oai/request</request><GetRecord><record><header><identifier>oai:recercat.cat:2445/190625</identifier><datestamp>2025-12-05T09:59:09Z</datestamp><setSpec>com_2072_1057</setSpec><setSpec>col_2072_478917</setSpec><setSpec>col_2072_478920</setSpec></header><metadata><record xmlns="http://www.loc.gov/MARC21/slim" xmlns:dcterms="http://purl.org/dc/terms/" xmlns:xsi="http://www.w3.org/2001/XMLSchema-instance" xmlns:doc="http://www.lyncode.com/xoai" xsi:schemaLocation="http://www.loc.gov/MARC21/slim http://www.loc.gov/standards/marcxml/schema/MARC21slim.xsd">
   <leader>00925njm 22002777a 4500</leader>
   <datafield ind2=" " ind1=" " tag="042">
      <subfield code="a">dc</subfield>
   </datafield>
   <datafield ind2=" " ind1=" " tag="720">
      <subfield code="a">Colarte Gómez, Liena</subfield>
      <subfield code="e">author</subfield>
   </datafield>
   <datafield ind2=" " ind1=" " tag="720">
      <subfield code="a">Mezzetti, Emilia</subfield>
      <subfield code="e">author</subfield>
   </datafield>
   <datafield ind2=" " ind1=" " tag="720">
      <subfield code="a">Miró-Roig, Rosa M. (Rosa Maria)</subfield>
      <subfield code="e">author</subfield>
   </datafield>
   <datafield ind2=" " ind1=" " tag="260">
      <subfield code="c">2022-11-09T09:08:46Z</subfield>
   </datafield>
   <datafield ind2=" " ind1=" " tag="260">
      <subfield code="c">2022-11-09T09:08:46Z</subfield>
   </datafield>
   <datafield ind2=" " ind1=" " tag="260">
      <subfield code="c">2021-01-06</subfield>
   </datafield>
   <datafield ind2=" " ind1=" " tag="260">
      <subfield code="c">2022-11-09T09:08:46Z</subfield>
   </datafield>
   <datafield ind2=" " ind1=" " tag="520">
      <subfield code="a">Given any diagonal cyclic subgroup $\Lambda \subset G L(n+1, k)$ of order $d$, let $I_d \subset k\left[x_0, \ldots, x_n\right]$ be the ideal generated by all monomials $\left\{m_1, \ldots, m_r\right\}$ of degree $d$ which are invariants of $\Lambda . I_d$ is a monomial Togliatti system, provided $r \leq\left(\begin{array}{c}d+n-1 \\ n-1\end{array}\right)$, and in this case the projective toric variety $X_d$ parameterized by $\left(m_1, \ldots, m_r\right)$ is called a $G T$-variety with group $\Lambda$. We prove that all these $G T$-varieties are arithmetically Cohen-Macaulay and we give a combinatorial expression of their Hilbert functions. In the case $n=2$, we compute explicitly the Hilbert function, polynomial and series of $X_d$. We determine a minimal free resolution of its homogeneous ideal and we show that it is a binomial prime ideal generated by quadrics and cubics. We also provide the exact number of both types of generators. Finally, we pose the problem of determining whether a surface parameterized by a Togliatti system is aCM. We construct examples that are aCM and examples that are not.</subfield>
   </datafield>
   <datafield tag="653" ind2=" " ind1=" ">
      <subfield code="a">Varietats algebraiques</subfield>
   </datafield>
   <datafield tag="653" ind2=" " ind1=" ">
      <subfield code="a">Anells commutatius</subfield>
   </datafield>
   <datafield tag="653" ind2=" " ind1=" ">
      <subfield code="a">Mòduls de Cohen-Macaulay</subfield>
   </datafield>
   <datafield tag="653" ind2=" " ind1=" ">
      <subfield code="a">Grups algebraics diferencials</subfield>
   </datafield>
   <datafield tag="653" ind2=" " ind1=" ">
      <subfield code="a">Algebraic varieties</subfield>
   </datafield>
   <datafield tag="653" ind2=" " ind1=" ">
      <subfield code="a">Commutative rings</subfield>
   </datafield>
   <datafield tag="653" ind2=" " ind1=" ">
      <subfield code="a">Cohen-Macaulay modules</subfield>
   </datafield>
   <datafield tag="653" ind2=" " ind1=" ">
      <subfield code="a">Differential algebraic groups</subfield>
   </datafield>
   <datafield ind2="0" ind1="0" tag="245">
      <subfield code="a">On the arithmetic Cohen-Macaulayness of varieties parameterized by Togliatti systems</subfield>
   </datafield>
</record></metadata></record></GetRecord></OAI-PMH>